| 000 | 00467pab a2200169 454500 | ||
|---|---|---|---|
| 008 | 180718b2000 xxu||||| |||| 00| 0 eng d | ||
| 100 | _aChoudhary, Kameshwar | ||
| 245 | _aViolation of human rights: the case of Dalits in Gujarat | ||
| 260 | _c2000 | ||
| 300 | _ap.83-97 | ||
| 362 | _aJan-Mar | ||
| 650 | _aBackward classes - India - Gujarat | ||
| 650 | _aHuman rights - India - Gujarat | ||
| 650 | _aHuman rights | ||
| 773 | _aIASSI Quarterly | ||
| 909 | _a47639 | ||
| 999 |
_c47639 _d47639 |
||